Athribis X : les graffiti et dipinti du spéos de Hout-Répit /
This book contains the first edition and analysis of graffiti and dipinti from a speos dating from the early Roman period located in the necropolis of Hut-Repit/Athribis in Upper Egypt.Until recently, this temple was believed to be a sanctuary dedicated to Asklepios-Imhotep. The inscriptions, number...
المؤلف الرئيسي:
التنسيق: كتاب
اللغة: French
منشور في:
Le Caire :
Institut français d'archéologie orientale,
2025.
سلاسل:
Athribis ;
10.
الموضوعات:
الوسوم: إضافة وسم
رقم الطلب: DT73 .A9 v.10
| LEADER | 01492nam a22002537a 4500 | ||
|---|---|---|---|
| 003 | OSt | ||
| 005 | 20260430082215.0 | ||
| 008 | 260427s2025 ua ae b 000 0 fre d | ||
| 020 | |a 9782724710922 | ||
| 040 | |c ARCE Library | ||
| 050 | 4 | |a DT73 .A9 v.10 | |
| 100 | 0 | |a Lippert, Sandra Luisa |e author | |
| 245 | 1 | 0 | |a Athribis X : |b les graffiti et dipinti du spéos de Hout-Répit / |c Sandra Luisa Lippert. |h |
| 264 | 1 | |a Le Caire : |b Institut français d'archéologie orientale, |c 2025. | |
| 300 | |a viii, 381 pages : |b black and white and color illustrations, plans, color illustrated cover ; |c 29 cm. | ||
| 490 | 0 | |a Athribis ; |v 10. | |
| 504 | |a Bibliography : pages [213]-231. | ||
| 520 | |a This book contains the first edition and analysis of graffiti and dipinti from a speos dating from the early Roman period located in the necropolis of Hut-Repit/Athribis in Upper Egypt.Until recently, this temple was believed to be a sanctuary dedicated to Asklepios-Imhotep. The inscriptions, numbering around a hundred, are mainly Demotic and consist of proskynemata and votive formulas, alongside various figurative drawings. These texts offer a precise date for the temple, and valuable insights into the cult of Haroeris and his sacred falcons, as well as the staff of the religious association responsible for it. | ||
| 650 | 0 | |a Inscriptions (Egyptian) | |
| 651 | 0 | |a Athribis (Egypt) |x Antiquities | |
| 651 | 0 | |a Athribis (Extinct city) | |
| 901 | |a reviewed | ||
| 942 | |2 lcc |c BK | ||
| 999 | |c 61906 |d 61906 | ||
